000 01100nam0a22002651 4500
001 rc\3640856
005 20260406104510.0
021 _aRU
_b[72-53400]
035 _a(NLR Aleph) 007829438
090 _a7770297
_c7770297
100 _a20130115d1972 |||y0rusy50 ca
101 0 _arus
102 _aRU
105 _ay z |||||
200 1 _aМеханизмы канцерогенеза
_e(Материалы симпозиума). 13-15 июня 1972 г.
_f[Ред. коллегия: акад. Р.Е. Кавецкий (отв. ред.) и др.]
_gАН УССР. Ин-т проблем онкологии
210 _aКиев
_cБ. и.
_d1972
215 _a116 с.
_d20
606 _aРак
_xЭтиология и патогенез
_jСборники
_2psbo
702 1 _aКавецкий
_bР.Е.
_gРостислав Евгеньевич
_4340
712 0 2 _aИнститут проблем онкологии им. Р. Е. Кавецкого
_cКиев
_3RU\NLR\AUTH\883173
_9277532
801 0 _aRU
_bNLR
_gpsbo
801 1 _aRU
_bELAR
_2rusmarc
852 _aNLR
_j72-3/6518
942 _cBOOK
980 _aNB